01179nam a2200193Ia 4500001001000000003001000010008004100020040002500061041001300086100003000099245006100129250001100190260009200201300002800293500025800321501011400579520025800693650003400951L235-7636IT-CnALBA170116s9999||||xx |||||||||||||| ||und|| aIT-CnALBAcIT-CnALBA aITALIANO aANTONINO FRÀ DA RISCHIO 0aLE PRINCIPALI FESTIVITA' DI MARIA SANTISSIMA. LETTURE.  a1a ed. a S. BENIGNO CANAVESEbSALESIANA SC. TIP.c1906 [1° Ed.:1906 - Ed.Ling.Originale: 1906] a128 p. (prefazione: 35) aIMMACOLATA. NATIVITÀ. PRESENTAZIONE E SPOSALIZIO DI MARIA. ANNUNZIAZIONE. VISITAZIONE. NASCITA DI GESÙ. PURIIFICAZIONE DI MARIA. ADDOLORATA. ASSUNZIONE. MADONNA DELLA NEVE. CARMELO. S. MARIA DELLA MERCEDE. S. MARIA DEL ROSARIO. AIUTO DEI CRISTIANI.  aSocietà San Paolo EM - Piazza San Paolo, 14 - 12051 ALBA (CN) (non commercial uses only) ® Copyright 2017 aIMMACOLATA. NATIVITÀ. PRESENTAZIONE E SPOSALIZIO DI MARIA. ANNUNZIAZIONE. VISITAZIONE. NASCITA DI GESÙ. PURIIFICAZIONE DI MARIA. ADDOLORATA. ASSUNZIONE. MADONNA DELLA NEVE. CARMELO. S. MARIA DELLA MERCEDE. S. MARIA DEL ROSARIO. AIUTO DEI CRISTIANI.  aMARIA SS. ANGELI SANTI DEMONI